Sex Pistols Albums Tile Select - Statistics

General Stats
  • This quiz has been taken 77 times
  • The average score is 17 of 20
Answer Stats
Question Tile Select % Correct
the following songs that are on Never Mind the Bollocks, Here's the Sex Pistols (1977). Something Else No
99%
the following songs that are on Never Mind the Bollocks, Here's the Sex Pistols (1977). C'mon Everybody No
97%
the following songs that are on Never Mind the Bollocks, Here's the Sex Pistols (1977). Great Rock 'N' Roll Swindle No
97%
the following songs that are on Never Mind the Bollocks, Here's the Sex Pistols (1977). Anarchy in the U.K. Yes
96%
the following songs that are on Never Mind the Bollocks, Here's the Sex Pistols (1977). Silly Thing No
94%
the following songs that are on Never Mind the Bollocks, Here's the Sex Pistols (1977). Bodies Yes
93%
the following songs that are on Never Mind the Bollocks, Here's the Sex Pistols (1977). No One Is Innocent No
93%
the following songs that are on Never Mind the Bollocks, Here's the Sex Pistols (1977). Pretty Vacant Yes
93%
the following songs that are on Never Mind the Bollocks, Here's the Sex Pistols (1977). God Save the Queen Yes
91%
the following songs that are on Never Mind the Bollocks, Here's the Sex Pistols (1977). Holidays in the Sun Yes
91%
the following songs that are on Never Mind the Bollocks, Here's the Sex Pistols (1977). Did You No Wrong No
90%
the following songs that are on Never Mind the Bollocks, Here's the Sex Pistols (1977). E.M.I. Yes
84%
the following songs that are on Never Mind the Bollocks, Here's the Sex Pistols (1977). I Wanna Be Me No
84%
the following songs that are on Never Mind the Bollocks, Here's the Sex Pistols (1977). No Feelings Yes
84%
the following songs that are on Never Mind the Bollocks, Here's the Sex Pistols (1977). Problems Yes
83%
the following songs that are on Never Mind the Bollocks, Here's the Sex Pistols (1977). Submission Yes
80%
the following songs that are on Never Mind the Bollocks, Here's the Sex Pistols (1977). Seventeen Yes
78%
the following songs that are on Never Mind the Bollocks, Here's the Sex Pistols (1977). Liar Yes
77%
the following songs that are on Never Mind the Bollocks, Here's the Sex Pistols (1977). New York Yes
72%
the following songs that are on Never Mind the Bollocks, Here's the Sex Pistols (1977). No Fun No
55%
No matching quizzes found
Score Distribution
Percent of People with Each Score
Percentile by Number Answered
Your Score History
You have not taken this quiz